Aquatic Biology/ (Record no. 756725)
[ view plain ]
| 000 -LEADER | |
|---|---|
| fixed length control field | 00349nam a22001337a 4500 |
| 020 ## - INTERNATIONAL STANDARD BOOK NUMBER | |
| ISBN | 81-958210-1-4 |
| 082 ## - DEWEY DECIMAL CLASSIFICATION NUMBER | |
| Classification number | 578.76SAK/A |
| 245 ## - TITLE STATEMENT | |
| Title | Aquatic Biology/ |
| Statement of responsibility, etc | ed by V.B.Sakhare and P.R.Surve |
| 260 ## - PUBLICATION, DISTRIBUTION, ETC. (IMPRINT) | |
| Place of publication | .-Newdelhi |
| Name of publisher | :DPH |
| Year of publication | ,2023 |
| 300 ## - PHYSICAL DESCRIPTION | |
| Number of Pages | 153p |
| 700 ## - ADDED ENTRY--PERSONAL NAME | |
| Personal name | Sakhare,V.B and Surve,P.R (ed) |
| 942 ## - ADDED ENTRY ELEMENTS (KOHA) | |
| Source of classification or shelving scheme | Dewey Decimal Classification |
| Koha item type | Book |
| Withdrawn status | Lost status | Source of classification or shelving scheme | Damaged status | Not for loan | Home Library | Current Location | Shelving location | Date acquired | Source of acquisition | Full call number | Accession Number | Price effective from | Koha item type |
|---|---|---|---|---|---|---|---|---|---|---|---|---|---|
| Dewey Decimal Classification | Dept. of Aquatic Biology and Fisheries | Dept. of Aquatic Biology and Fisheries | General Stacks | 02/02/2026 | SA/2 | 578.76SAK/A | AQU6603 | 23/02/2026 | Book |
